| 000 | 01762ntm a2200265 a 4500 | ||
|---|---|---|---|
| 001 | 37172 | ||
| 003 | BD-RjUL | ||
| 005 | 20211209052603.0 | ||
| 008 | 141023s2013 bg a|||| mb|| 00| 0 ben d | ||
| 035 | _a(BD-RjUL)37274 | ||
| 040 |
_aBD-RjUL _bben _cBD-RjUL _dBD-RjUL |
||
| 041 | _aben | ||
| 082 |
_221 _a730.95492 _bISB 2013 |
||
| 100 |
_aইসলাম, এ. কে. মো. ময়নুল _9113673 |
||
| 245 | 1 | 0 |
_aবাংলাদেশের ভাস্কর্য (১৯৫৮-২০০৮) / _cএ. কে. মো. ময়নুল ইসলাম _6তত্ত্বাবধায়ক: চৌধুরী জুলফিকার মতিন , টি.এম. এম. নূরুল মোদ্দাসের চৌধুরী |
| 260 |
_aরাজশাহী : _bচারুকলা বিভাগ, রাজশাহী বিশ্ববিদ্যালয়, _c২০১৩. |
||
| 300 |
_avi, ৩০৭ পাতা : _bচিত্র ; _c২৯ সেমি. |
||
| 502 | _aথিসিস (পিএইচ. ডি.) --চারুকলা বিভাগ, রাজশাহী বিশ্ববিদ্যালয়, ২০১৩. | ||
| 504 | _aগ্রন্থপঞ্জি : পাতা ২৮৮-২৯৩. | ||
| 650 |
_aভাস্কর্য _vইতিহাস _zবাংলাদেশ _y১৯৫৮-২০০৮ _9113753 |
||
| 650 |
_aSculpture _vHistory _zBangladesh _y1958-2008 _9113754 |
||
| 700 |
_aমতিন, চৌধুরী জুলফিকার, তত্ত্বাবধায়ক _9113674 |
||
| 700 |
_aচৌধুরী, টি. এম. এম. নূরুল মোদ্দাসের, যুগ্ম তত্ত্বাবধায়ক _9113675 |
||
| 942 |
_2ddc _cTHE |
||
| 999 |
_c37172 _d37172 |
||